[Event "Reykjavik op"]
[Site "Reykjavik"]
[Date "2023.04.01"]
[Round "6"]
[White "Krumm, Arthur"]
[Black "Hoolt, Sarah"]
[Result "0-1"]
[WhiteElo "1843"]
[BlackElo "2288"]
[PlyCount "80"]
[EventDate "2023.03.29"]
[EventType "swiss"]
[EventRounds "9"]
[EventCountry "ISL"]
[SourceTitle "CBM 213 Extra"]
[Source "ChessBase"]
[SourceDate "2023.05.31"]
[SourceVersion "1"]
[SourceVersionDate "2023.05.31"]
[SourceQuality "1"]

1. e4 c5 2. Be2 Nc6 3. f4 e6 4. Nf3 d5 5. d3 Bd6 6. e5 Bc7 7. c3 Nge7 8. 0-0 0-0 9. Na3 f6 10. d4 cxd4 11. cxd4 Nf5 12. Nc2 fxe5 13. fxe5 Bd7 14. b4 Qe8 15. a4 Bd8 16. Bd3 Qh5 17. b5 Na5 18. Ne3 Nxe3 19. Bxe3 Be7 20. Qe1 Nc4 21. Bxc4 dxc4 22. Nd2 a6 23. Nxc4 axb5 24. Nb6 Rxf1+ 25. Qxf1 Rf8 26. Qd3 Bc6 27. d5 Qxe5 28. Bd4 Bc5 29. Rd1 Qxd4+ 30. Qxd4 Bxd4+ 31. Rxd4 exd5 32. axb5 Bxb5 33. h3 Rf1+ 34. Kh2 Bc6 35. Nxd5 Kf7 36. Nb4 Ke6 37. Nxc6 bxc6 38. Kg3 Rf7 39. Rd8 c5 40. Rd1 Ke5 0-1

[Event "GER-chT Christmas U20"]
[Site "Playchess.com INT"]
[Date "2020.12.29"]
[Round "1.2"]
[White "Brockhoff, Moritz"]
[Black "Krumm, Arthur"]
[Result "1-0"]
[WhiteElo "1985"]
[BlackElo "1667"]
[PlyCount "61"]
[EventDate "2020.12.29"]
[EventType "team-swiss (blitz)"]
[EventRounds "7"]
[EventCountry "GER"]
[SourceTitle "CBM 200 Extra"]
[Source "ChessBase"]
[SourceDate "2021.03.31"]
[SourceVersion "1"]
[SourceVersionDate "2021.03.31"]
[SourceQuality "1"]
[WhiteTeam "Paderborn Blauer Springer"]
[BlackTeam "Aschheim/Feldkirchen/Kirchheim"]
[WhiteTeamCountry "GER"]
[BlackTeamCountry "GER"]

1. e4 e6 2. f4 d5 3. e5 c5 4. b4 Nc6 5. bxc5 Bxc5 6. Nf3 Qb6 7. Nc3 Bf2+ 8. Ke2 Bd4 9. Rb1 Qa6+ 10. Ke1 Bd7 11. Bxa6 bxa6 12. Nxd4 Nxd4 13. Ba3 Ba4 14. Rb2 Bb5 15. Nxb5 Nxb5 16. Bc5 Ne7 17. d4 Nf5 18. Qd3 g6 19. Kf2 h5 20. a4 Nbxd4 21. Bxd4 0-0 22. h3 Rfc8 23. c3 Rc4 24. g4 Nxd4 25. cxd4 Rac8 26. gxh5 gxh5 27. Rg1+ Kf8 28. Qh7 Rxa4 29. Rg8+ Ke7 30. Rxc8 Rxd4 31. Rb7# 1-0

[Event "GER-chT Christmas U20"]
[Site "Playchess.com INT"]
[Date "2020.12.29"]
[Round "3.2"]
[White "Mueller, Fabian"]
[Black "Krumm, Arthur"]
[Result "0-1"]
[WhiteElo "964"]
[BlackElo "1667"]
[PlyCount "34"]
[EventDate "2020.12.29"]
[EventType "team-swiss (blitz)"]
[EventRounds "7"]
[EventCountry "GER"]
[SourceTitle "CBM 200 Extra"]
[Source "ChessBase"]
[SourceDate "2021.03.31"]
[SourceVersion "1"]
[SourceVersionDate "2021.03.31"]
[SourceQuality "1"]
[WhiteTeam "Aschheim/Feldkirchen/Kirchheim II"]
[BlackTeam "Aschheim/Feldkirchen/Kirchheim"]
[WhiteTeamCountry "GER"]
[BlackTeamCountry "GER"]

1. d4 e6 2. e4 d5 3. Nc3 Bb4 4. exd5 Bxc3+ 5. bxc3 exd5 6. Ba3 Ne7 7. Qe2 Nbc6 8. Nf3 0-0 9. Ne5 Re8 10. Bxe7 Rxe7 11. f4 f6 12. Qb5 fxe5 13. fxe5 a6 14. Qb3 Bg4 15. Bd3 Nxe5 16. dxe5 Rxe5+ 17. Kd2 Qg5# 0-1